Désamorcez la bombe ! Erreur fatale - Statistiques

Statistiques générales
  • Ce quiz a été pris 3 781 fois
  • Le résultat moyen est 5 sur 10
Réponses sur la Carte
Les réponses sont colorées sur une échelle allant du rouge au vert en fonction du pourcentage des utilisateurs qui les ont devinées à leur premier essai. Vous pouvez retrouver ces pourcentages ci-dessous.
 
Statistiques - réponses
Réponse % Correct
0
52%
3
50%
4
50%
9
50%
5
49%
6
49%
7
49%
1
48%
2
48%
8
47%
Aucun quiz correspondant
Distribution des résultats
% des personnes avec chaque résultat
Percentile par nombre de réponses
Votre historique - résultats
Vous n’avez pas pris ce quiz